<?xml version="1.0" encoding="UTF-8"?>
<record
    xmlns:xsi="http://www.w3.org/2001/XMLSchema-instance"
    xsi:schemaLocation="http://www.loc.gov/MARC21/slim http://www.loc.gov/standards/marcxml/schema/MARC21slim.xsd"
    xmlns="http://www.loc.gov/MARC21/slim">

  <leader>01401nam a22002657a 4500</leader>
  <controlfield tag="003">OSt</controlfield>
  <controlfield tag="005">20180116192409.0</controlfield>
  <controlfield tag="008">120718t    2003xxu||||| |||| 00| 0 eng d</controlfield>
  <datafield tag="020" ind1=" " ind2=" ">
    <subfield code="a">1864701102</subfield>
  </datafield>
  <datafield tag="020" ind1=" " ind2=" ">
    <subfield code="a">9781864701104</subfield>
  </datafield>
  <datafield tag="040" ind1=" " ind2=" ">
    <subfield code="c">0</subfield>
  </datafield>
  <datafield tag="082" ind1=" " ind2=" ">
    <subfield code="a">725.51</subfield>
  </datafield>
  <datafield tag="100" ind1=" " ind2=" ">
    <subfield code="9">5636</subfield>
  </datafield>
  <datafield tag="110" ind1="1" ind2=" ">
    <subfield code="a">Images Publishing Group.</subfield>
    <subfield code="9">5660</subfield>
  </datafield>
  <datafield tag="245" ind1=" " ind2=" ">
    <subfield code="a">Health spaces Of The World </subfield>
    <subfield code="b">A pictorial review.</subfield>
    <subfield code="c">Images Publishing Group.</subfield>
    <subfield code="h">Vol .2</subfield>
  </datafield>
  <datafield tag="260" ind1=" " ind2=" ">
    <subfield code="a">Victoria : </subfield>
    <subfield code="b">Images Publishing Dist Ac,</subfield>
    <subfield code="c">2003.</subfield>
  </datafield>
  <datafield tag="300" ind1=" " ind2=" ">
    <subfield code="a">224 p. :</subfield>
    <subfield code="b">ill ;</subfield>
    <subfield code="c">31 cm.</subfield>
  </datafield>
  <datafield tag="440" ind1="1" ind2=" ">
    <subfield code="a">International spaces.</subfield>
    <subfield code="9">5637</subfield>
  </datafield>
  <datafield tag="520" ind1=" " ind2=" ">
    <subfield code="a">New designs for health facilities are in constant demand. The Health Spaces Series features projects that are considered to be among the best designs of our time for the modern health industry. Projects from around the world have been featured. Chapters focus on hospital spaces, day clinics, assisted accommodation, rehabilitation, pediatrics, day spa and relaxation centers, among others. In full colour with descriptive captions, this book will prove a major tool and directory to commissioning agents, architects and designers involved in the trillion-dollar health industry.</subfield>
  </datafield>
  <datafield tag="650" ind1=" " ind2=" ">
    <subfield code="a">Architecture, Modern</subfield>
    <subfield code="9">5638</subfield>
  </datafield>
  <datafield tag="650" ind1=" " ind2=" ">
    <subfield code="a">Rehabilitation.</subfield>
    <subfield code="9">5639</subfield>
  </datafield>
  <datafield tag="650" ind1=" " ind2=" ">
    <subfield code="a">Health facilities</subfield>
    <subfield code="x">Design and construction</subfield>
    <subfield code="9">5640</subfield>
  </datafield>
  <datafield tag="942" ind1=" " ind2=" ">
    <subfield code="2">ddc</subfield>
    <subfield code="c">BK</subfield>
  </datafield>
  <datafield tag="999" ind1=" " ind2=" ">
    <subfield code="c">353499</subfield>
    <subfield code="d">353499</subfield>
  </datafield>
  <datafield tag="952" ind1=" " ind2=" ">
    <subfield code="0">0</subfield>
    <subfield code="1">0</subfield>
    <subfield code="2">ddc</subfield>
    <subfield code="3">Vol .2</subfield>
    <subfield code="4">0</subfield>
    <subfield code="7">0</subfield>
    <subfield code="a">SADA</subfield>
    <subfield code="b">SADA</subfield>
    <subfield code="d">2012-07-11</subfield>
    <subfield code="l">7</subfield>
    <subfield code="m">3</subfield>
    <subfield code="o">725.51 IMA 2003</subfield>
    <subfield code="p">SADA0001698</subfield>
    <subfield code="r">2025-10-28</subfield>
    <subfield code="s">2025-10-28</subfield>
    <subfield code="v">3692.00</subfield>
    <subfield code="w">2012-07-18</subfield>
    <subfield code="y">BK</subfield>
  </datafield>
</record>
